000 00590nam a2200169Ia 4500
008 090711s9999 xx 000 0 und d
082 _b19824
100 _aभावे पुरुषोत्तम भा.
245 _aआलाक्षण-गेला क्षण
260 _c1964
300 _a135
600 _aभावे पुरुषोत्तम भा.
630 _aआलाक्षण-गेला क्षण
700 _aभावे पुरुषोत्तम भा.
730 _aआलाक्षण-गेला क्षण
942 _cBOOK
999 _c313516
_d313516